000 00847nam a2200193 i 4500
001 28650
003 ES-MaACL
005 20251017063043.0
007 t|
008 030117s1894 sp ||||1| fre d
100 1 _aAzúa y Suárez, Juan de,
_d1858-1922
_9141521
245 1 0 _aResultats thérapeutiques et hygiéniques de l'hospitalisation interne et extérne des malades atteints d'affections cutanées vénériennes et syphilitiques /
_cpar le docteur Azúa.
260 _aMadrid :
_b[s.n.],
_c1894 (
_fEst. tip. de Ulpiano Gómez Pérez)
300 _a7 p. ;
_c23 cm.
594 _aPrecede al tít.: Au Congres International de Medicine de Rome.
650 7 _aEnfermedades de transmisión sexual
_2embne
_912260
852 _aES-MaACL
_jT-856-F-10
_z.- Enc. en un vol. facticio conservando la enc. original
999 _c28650
_d28650